De cerebros, mentes y máquinas

Saved in:
Bibliografiske detaljer
Hovedforfatter: Perazzo, Roberto P. J (Author)
Format: Bog
Sprog:spansk
Udgivet: Ciudad de México Fondo de Cultura Económica 1994
Serier:Colección Ciencia Hoy
Fag:
Tags: Tilføj Tag
Ingen Tags, Vær først til at tagge denne postø!

MARC

LEADER 00000nam a2200000 a 4500
001 UCP2731
003 CL-VaPUC
008 990528e19940000MX |||||||||||||||||spa|d
082 0 4 |a 153.1  |b PER  |2 21 
100 0 |a Perazzo, Roberto P. J  |e author  |9 429669 
245 1 0 |a De cerebros, mentes y máquinas 
300 |a 236 p 
942 |c BK 
945 |d 19990528 00:00:00  |a rbrito 
260 |a Ciudad de México  |b Fondo de Cultura Económica  |c 1994 
650 0 |a Cerebro   |9 307262 
650 0 |a Historia  |9 255047 
650 0 |a Inteligencia  |9 267038 
650 0 |a Memoria  |9 266549 
650 0 |a Neuronas  |9 369351 
650 0 |a Computadoras  |9 351108 
650 0 |a Aprendizaje   |9 254827 
583 |a last modification  |c 19990528 00:00:00  |k Rodrigo Vera 
490 0 |a Colección Ciencia Hoy 
999 |c 281215  |d 281213 
952 |0 0  |1 0  |4 0  |6 153_100000000000000_PER_1994  |7 0  |8 A  |9 321895  |a BIBEDU  |b BIBEDU  |d 2019-11-20  |i 3523160  |o 153.1 PER 1994  |p 3523160  |r 2019-11-20  |w 2019-11-20  |y BK  |k PSI